000 00402nam a2200133Ia 4500
008 210210b1984 xxu||||| |||| 00| 0 eng d
082 _a954 CHII
100 _aCHIROL (Valentine).
245 _aIndia a historical survey of political, economic and intellectual developments.
260 _aNew Delhi.
_bDeep & Deep Publications.,
_c1984
300 _a352
690 _aIndian History
906 _aSG02908
999 _c113613
_d113613